[Event "HEM A-Turnier"]
[Site "Frankfurt-Zeilsheim"]
[Date "2018.??.??"]
[Round "7.14"]
[White "Kuerschner, Matthias"]
[Black "Kempf, Alexander"]
[Result "1/2-1/2"]
[WhiteElo "2021"]
[BlackElo "1862"]
[PlyCount "50"]
[EventDate "2018.??.??"]
[EventType "swiss"]
[EventRounds "7"]
[EventCountry "GER"]
[WhiteTeam "SK Langen"]
[BlackTeam "1. Hainstadter SC"]

1. e4 c5 2. Nf3 Nc6 3. d3 e5 4. Nbd2 g6 5. g3 Bg7 6. Bg2 Nge7 7. Nc4 d6 8. O-O
O-O 9. Ne1 Be6 10. f4 exf4 11. Rxf4 f5 12. Ne3 d5 13. exf5 Nxf5 14. Nxf5 Bxf5
15. c3 Qd7 16. Rf1 Rae8 17. Bf4 d4 18. c4 h6 19. h4 Ne5 20. Qd2 Ng4 21. Nc2 Re7
22. Rae1 Ne5 23. Be4 Bxe4 24. Rxe4 Qh3 25. Qg2 Qd7 1/2-1/2

[Event "HEM A-Turnier"]
[Site "Frankfurt-Zeilsheim"]
[Date "2018.??.??"]
[Round "7.15"]
[White "Thomas, Norbert"]
[Black "Reinecke, Katharina"]
[Result "1/2-1/2"]
[WhiteElo "2017"]
[BlackElo "1905"]
[PlyCount "56"]
[EventDate "2018.??.??"]
[EventType "swiss"]
[EventRounds "7"]
[EventCountry "GER"]
[WhiteTeam "SC Frankfurt-West"]
[BlackTeam "SK Langen"]

1. d4 d5 2. Nf3 Nf6 3. c4 c6 4. g3 Bf5 5. Bg2 h6 6. Nc3 e6 7. O-O Nbd7 8. Nd2
Be7 9. b3 O-O 10. e4 dxe4 11. Ndxe4 Nxe4 12. Nxe4 Nf6 13. Nc3 Rc8 14. Bb2 Qd7
15. Qd2 Rfd8 16. Rad1 Bb4 17. Rfe1 Bg4 18. f3 Bf5 19. a3 Bc5 20. Na4 Be7 21.
Qe2 Qc7 22. c5 Nd5 23. Nc3 Nxc3 24. Bxc3 Bf6 25. b4 Rd7 26. Rd2 Rcd8 27. Red1
h5 28. Qe3 a6 1/2-1/2

[Event "HEM A-Turnier"]
[Site "Frankfurt-Zeilsheim"]
[Date "2018.??.??"]
[Round "7.16"]
[White "Haack, Kevin"]
[Black "Krueger, Till"]
[Result "0-1"]
[WhiteElo "1846"]
[BlackElo "1989"]
[PlyCount "82"]
[EventDate "2018.??.??"]
[EventType "swiss"]
[EventRounds "7"]
[EventCountry "GER"]
[WhiteTeam "SC Bad Soden"]
[BlackTeam "SC Nidderau"]

1. d4 d6 2. c4 e5 3. Nf3 Nd7 4. Nc3 Ngf6 5. e3 Be7 6. Bd3 O-O 7. O-O c6 8. b3
Re8 9. Bc2 Qc7 10. Bb2 a6 11. Rc1 b6 12. Re1 Bb7 13. Bb1 Rad8 14. Qc2 g6 15. a3
Bf8 16. Nd2 exd4 17. exd4 d5 18. cxd5 Rxe1+ 19. Rxe1 cxd5 20. Nf3 Rc8 21. b4
Ne4 22. Re3 Bh6 23. Rd3 b5 24. Ne1 Nb6 25. Nxe4 dxe4 26. Rc3 Nc4 27. Ba2 Bd2
28. Bxc4 Bxc3 29. Qxc3 Qxc4 30. Qxc4 Rxc4 31. g3 f5 32. Kf1 Kf7 33. Ke2 g5 34.
Ke3 Ke6 35. h3 Bd5 36. h4 h6 37. Kd2 gxh4 38. gxh4 f4 39. Ng2 Kf5 40. Ne1 Kg4
41. Ng2 e3+ 0-1

[Event "HEM A-Turnier"]
[Site "Frankfurt-Zeilsheim"]
[Date "2018.??.??"]
[Round "7.17"]
[White "Bethke, Robert"]
[Black "Hemmerich, Luca"]
[Result "1/2-1/2"]
[WhiteElo "1894"]
[BlackElo "1896"]
[PlyCount "34"]
[EventDate "2018.??.??"]
[EventType "swiss"]
[EventRounds "7"]
[EventCountry "GER"]
[WhiteTeam "SF Neuberg"]
[BlackTeam "SC Tornado Wuppertal"]

1. c4 c6 2. d4 d5 3. cxd5 cxd5 4. Nc3 Nf6 5. Nf3 Nc6 6. e3 e6 7. Bd3 Bd6 8. O-O
O-O 9. a3 b6 10. b4 Bb7 11. Bb2 Rc8 12. Rc1 Qe7 13. Ne2 Nd7 14. Qb3 a6 15. Nf4
b5 16. g3 Nf6 17. e4 dxe4 1/2-1/2

[Event "HEM A-Turnier"]
[Site "Frankfurt-Zeilsheim"]
[Date "2018.??.??"]
[Round "7.18"]
[White "Philipp, Jan"]
[Black "Schmitt, Carsten"]
[Result "1-0"]
[WhiteElo "1787"]
[BlackElo "1957"]
[PlyCount "33"]
[EventDate "2018.??.??"]
[EventType "swiss"]
[EventRounds "7"]
[EventCountry "GER"]
[WhiteTeam "SC Frankfurt-West"]
[BlackTeam "SV Bergwinkel"]

1. e4 e6 2. f4 d5 3. e5 c5 4. Nf3 Nc6 5. Be2 f6 6. O-O Qc7 7. c3 fxe5 8. fxe5
Nxe5 9. Nxe5 Qxe5 10. Bb5+ Ke7 11. d4 Qc7 12. Qh5 Nf6 13. Rxf6 gxf6 14. Qe8+
Kd6 15. Bf4+ e5 16. dxe5+ fxe5 17. Bxe5# 1-0

[Event "HEM A-Turnier"]
[Site "Frankfurt-Zeilsheim"]
[Date "2018.??.??"]
[Round "7.19"]
[White "Feicht, Arno"]
[Black "Ochs, Daniel Elias"]
[Result "1/2-1/2"]
[WhiteElo "1929"]
[BlackElo "1633"]
[PlyCount "75"]
[EventDate "2018.??.??"]
[EventType "swiss"]
[EventRounds "7"]
[EventCountry "GER"]
[WhiteTeam "SV Alsfeld"]
[BlackTeam "Wiesbadener SV"]

1. d4 d5 2. Nc3 e6 3. Nf3 Nf6 4. Bf4 Bb4 5. Bd2 O-O 6. e3 b6 7. Bd3 Ba6 8. O-O
Bxd3 9. cxd3 Nbd7 10. Re1 c5 11. a3 cxd4 12. Nxd4 Bxc3 13. Bxc3 Rc8 14. Bb4 Nc5
15. Rc1 a5 16. Bc3 Qd7 17. b4 axb4 18. Bxb4 Rfe8 19. Nb3 Qb5 20. Rc3 Nxb3 21.
Qxb3 Rxc3 22. Qxc3 Nd7 23. Rc1 Nc5 24. Bxc5 bxc5 25. Qxc5 Qxd3 26. h3 h6 27.
Qc3 Qb5 28. Qc6 Qxc6 29. Rxc6 Ra8 30. Rc3 Ra4 31. Kf1 Kf8 32. Ke2 Ke7 33. Kd2
Kd6 34. Kc2 e5 35. Kb3 Ra7 36. Kb4 Rb7+ 37. Ka5 Rb2 38. a4 1/2-1/2

[Event "HEM A-Turnier"]
[Site "Frankfurt-Zeilsheim"]
[Date "2018.??.??"]
[Round "7.20"]
[White "Jayakumar, Nivesh"]
[Black "Wolff, Peter"]
[Result "0-1"]
[WhiteElo "1687"]
[BlackElo "1917"]
[PlyCount "88"]
[EventDate "2018.??.??"]
[EventType "swiss"]
[EventRounds "7"]
[EventCountry "GER"]
[WhiteTeam "SV Ffm-Griesheim"]
[BlackTeam "VSG Offenbach"]

1. e4 c6 2. d4 d5 3. exd5 cxd5 4. c4 Nf6 5. Nc3 Nc6 6. Bg5 e6 7. cxd5 exd5 8.
Bxf6 Qxf6 9. Nxd5 Qd8 10. Bc4 Be6 11. Qe2 Qa5+ 12. Kf1 O-O-O 13. Nc3 Nxd4 14.
Bxe6+ Nxe6 15. Rc1 Kb8 16. Nf3 Bd6 17. g3 a6 18. Kg2 h5 19. Ne4 Rhe8 20. Qc4
Be7 21. a3 h4 22. b4 Qh5 23. Qb3 Qg4 24. Qe3 Rd3 25. Ne5 Rxe3 26. Nxg4 Rxe4 27.
Ne3 Bg5 28. Rc3 Bxe3 29. fxe3 Nc7 30. Kf3 Nd5 31. Rc5 Rxe3+ 32. Kf2 Nf6 33. Rc4
Re2+ 34. Kf3 R8e3+ 35. Kf4 Nd5+ 36. Kg4 Re4+ 37. Rxe4 Rxe4+ 38. Kh3 hxg3 39.
hxg3 Re3 40. Rf1 Nf6 41. a4 Re4 42. Rb1 Kc7 43. Rc1+ Kd6 44. Rd1+ Nd5 0-1

[Event "HEM A-Turnier"]
[Site "Frankfurt-Zeilsheim"]
[Date "2018.??.??"]
[Round "7.21"]
[White "Blaschke, Henri Johannes"]
[Black "Vega Lopez de Nava, Cesar Octavi"]
[Result "0-1"]
[WhiteElo "1814"]
[BlackElo "1949"]
[PlyCount "140"]
[EventDate "2018.??.??"]
[EventType "swiss"]
[EventRounds "7"]
[EventCountry "GER"]
[WhiteTeam "SK Vellmar"]
[BlackTeam "SC Flörsheim"]

1. d4 d5 2. c4 e6 3. Nf3 c6 4. Nbd2 Nf6 5. g3 Nbd7 6. Bg2 Be7 7. Qc2 b6 8. O-O
Bb7 9. Rd1 Rc8 10. b3 Qc7 11. Bb2 O-O 12. Rac1 Rfe8 13. e3 Bf8 14. Ne5 Nxe5 15.
dxe5 Nd7 16. f4 Qb8 17. Nf3 Bc5 18. Bd4 Be7 19. Bb2 Nf8 20. h4 Ng6 21. h5 Nf8
22. g4 dxc4 23. Qxc4 c5 24. Kh2 Bd5 25. Qe2 Qb7 26. Nd2 b5 27. Bc3 Nd7 28. Ne4
Nxe5 29. Bxe5 Bxe4 30. Bxe4 Qxe4 31. Rd7 a6 32. Rcd1 Bf6 33. Bxf6 gxf6 34. h6
c4 35. R1d4 Qc6 36. g5 cxb3 37. Qh5 Qc2+ 38. Kg3 Qg6 39. Qxg6+ hxg6 40. axb3 e5
41. R4d6 exf4+ 42. exf4 fxg5 43. fxg5 Rc5 44. Rxa6 Rxg5+ 45. Kh4 Rf5 46. Raa7
Re4+ 47. Kg3 Ref4 48. Ra8+ Kh7 49. Rb8 Rf3+ 50. Kg2 Rxb3 51. Rf8 Rbf3 52. Rb7
R3f4 53. Kg3 b4 54. Rfb8 Kxh6 55. Rxb4 Rxb4 56. Rxb4 Kg5 57. Rb6 Rc5 58. Ra6
Rc3+ 59. Kf2 f5 60. Rb6 Kh5 61. Rb8 g5 62. Kg2 Kg4 63. Rb2 f4 64. Ra2 Rg3+ 65.
Kh2 Rh3+ 66. Kg2 f3+ 67. Kg1 Kg3 68. Rg2+ Kf4 69. Rb2 Rh8 70. Rb4+ Kg3 0-1

[Event "HEM A-Turnier"]
[Site "Frankfurt-Zeilsheim"]
[Date "2018.??.??"]
[Round "7.22"]
[White "Schimmer, Michael"]
[Black "Froehlich Dill, Astrid"]
[Result "0-1"]
[WhiteElo "1830"]
[BlackElo "1866"]
[PlyCount "76"]
[EventDate "2018.??.??"]
[EventType "swiss"]
[EventRounds "7"]
[EventCountry "GER"]
[WhiteTeam "SC Frankfurt-West"]
[BlackTeam "SV Hofheim"]

1. e4 g6 2. d4 Bg7 3. Nc3 b6 4. f4 Bb7 5. Nf3 e6 6. Bd3 Ne7 7. O-O Nbc6 8. Be3
Nb4 9. Be2 O-O 10. a3 Na6 11. Qe1 Rc8 12. Rd1 d5 13. Bd3 c5 14. e5 cxd4 15.
Nxd4 Nc5 16. Rf3 Nxd3 17. cxd3 Nc6 18. Ncb5 Nxd4 19. Bxd4 Qd7 20. Nxa7 Rc2 21.
Rf2 Rxf2 22. Kxf2 Qa4 23. Bxb6 Qxf4+ 24. Kg1 Bxe5 25. g3 Bd4+ 26. Bxd4 Qxd4+
27. Qf2 Qa4 28. Rc1 d4 29. Rc4 Qxa7 30. Rxd4 Bd5 31. Rb4 Qa6 32. Qd2 Rc8 33.
Rf4 Qa7+ 34. Kf1 Rc6 35. a4 Qc7 36. Qb4 Rc1+ 37. Kf2 Rc2+ 38. Ke3 Qe5+ 0-1

[Event "HEM A-Turnier"]
[Site "Frankfurt-Zeilsheim"]
[Date "2018.??.??"]
[Round "7.23"]
[White "Ullmann, Ralf"]
[Black "Weil, Michael"]
[Result "1/2-1/2"]
[WhiteElo "1910"]
[BlackElo "1957"]
[PlyCount "28"]
[EventDate "2018.??.??"]
[EventType "swiss"]
[EventRounds "7"]
[EventCountry "GER"]
[WhiteTeam "SC Eschwege"]
[BlackTeam "SC Steinbach"]

1. e4 Nf6 2. Nc3 e6 3. e5 Nd5 4. Nxd5 exd5 5. d4 d6 6. Nf3 Bg4 7. Be2 Be7 8.
O-O O-O 9. Re1 Nd7 10. Bf4 dxe5 11. Nxe5 Bxe2 12. Rxe2 Nb6 13. c3 Bd6 14. Qc2
Bxe5 1/2-1/2

[Event "HEM C-Turnier"]
[Site "Frankfurt-Zeilsheim"]
[Date "2018.05.10"]
[Round "1.1"]
[White "Bernath, Markus"]
[Black "Neagu, Liviu"]
[Result "1-0"]
[WhiteElo "1224"]
[BlackElo "1562"]
[PlyCount "113"]
[EventDate "2018.??.??"]
[EventType "swiss"]
[EventRounds "7"]
[EventCountry "GER"]
[WhiteTeam "SC Heuchelheim"]
[BlackTeam "SF Friedberg"]

1. e4 c5 2. Nc3 Nc6 3. Nf3 d6 4. d4 cxd4 5. Nxd4 a6 6. Bc4 Bd7 7. Be3 Nf6 8.
Qf3 Ne5 9. Qe2 b5 10. Bd5 Nxd5 11. Nxd5 Nc4 12. b3 Nxe3 13. Nxe3 g6 14. O-O Bg7
15. Rad1 O-O 16. Nf3 Qa5 17. c4 bxc4 18. Nxc4 Bb5 19. a4 Bxc4 20. Qxc4 Rfc8 21.
Qd5 Qc3 22. Ng5 Qf6 23. Rc1 h6 24. Qb7 Rd8 25. Nf3 Qe6 26. Rc7 Rdb8 27. Qd5
Qxd5 28. exd5 Kf8 29. Re1 Bf6 30. Re3 Rb4 31. Nd2 Rd4 32. Re2 Rxd5 33. g3 Rb8
34. Ne4 Re5 35. f4 Rf5 36. Nxf6 Rxf6 37. Rexe7 Rxb3 38. Re4 d5 39. Rc8+ Kg7 40.
Ree8 Rd6 41. g4 g5 42. fxg5 hxg5 43. Re5 Kf6 44. Rce8 Ra3 45. Rf5+ Kg6 46. Rg8+
Kh7 47. Rfxg5 Rxa4 48. R5g7+ Kh6 49. Rxf7 Rg6 50. Rh8+ Kg5 51. h3 Rd6 52. Rf5+
Kg6 53. Rg8+ Kh7 54. Rfg5 d4 55. R5g7+ Kh6 56. g5+ Kh5 57. Rh8+ 1-0

[Event "HEM C-Turnier"]
[Site "Frankfurt-Zeilsheim"]
[Date "2018.05.10"]
[Round "1.2"]
[White "Goodwin, David"]
[Black "Shehab, Tarek"]
[Result "0-1"]
[WhiteElo "1539"]
[BlackElo "1218"]
[PlyCount "112"]
[EventDate "2018.??.??"]
[EventType "swiss"]
[EventRounds "7"]
[EventCountry "GER"]
[WhiteTeam "SV Kelsterbach"]
[BlackTeam "SF Korbach"]

1. Nf3 Nf6 2. g3 g6 3. d3 Bg7 4. Bg2 O-O 5. Nbd2 d6 6. O-O e5 7. c4 Nc6 8. Rb1
a5 9. a3 Bf5 10. Nh4 Be6 11. Nhf3 Qd7 12. Ng5 Bf5 13. Nge4 Bh3 14. Nxf6+ Bxf6
15. Ne4 Bg7 16. f4 Bxg2 17. Kxg2 f5 18. Nc3 Rae8 19. Nd5 Ne7 20. fxe5 Nxd5 21.
cxd5 Qb5 22. e4 fxe4 23. dxe4 Qxf1+ 24. Qxf1 Rxf1 25. Kxf1 Rxe5 26. Bd2 Rxe4
27. Bxa5 b6 28. Bb4 Kf7 29. Rc1 Re7 30. Rc2 Be5 31. a4 Ke8 32. a5 bxa5 33. Bxa5
Kd8 34. Rf2 Bd4 35. Rf8+ Kd7 36. Rb8 Rf7+ 37. Ke2 Rf2+ 38. Kd3 Rxb2 39. Rg8 Be5
40. Rf8 Rxh2 41. Rf7+ Ke8 42. Rxc7 Rh3 43. Rc8+ Kf7 44. Rc7+ Kg8 45. Rc8+ Kg7
46. Rc7+ Kh6 47. Bd2+ g5 48. Bxg5+ Kxg5 49. Ke4 Bxg3 50. Re7 Be5 51. Re8 h5 52.
Rg8+ Kf6 53. Rf8+ Kg7 54. Rf5 Kg6 55. Rf1 Rh4+ 56. Ke3 Rd4 0-1

[Event "HEM C-Turnier"]
[Site "Frankfurt-Zeilsheim"]
[Date "2018.05.10"]
[Round "1.3"]
[White "Jayakumar, Sharun"]
[Black "Graef, Kilian Gabriel"]
[Result "0-1"]
[WhiteElo "1212"]
[BlackElo "1523"]
[PlyCount "68"]
[EventDate "2018.??.??"]
[EventType "swiss"]
[EventRounds "7"]
[EventCountry "GER"]
[WhiteTeam "SV Ffm-Griesheim"]
[BlackTeam "SV Frankfurt Nord"]

1. e4 d6 2. d4 Nf6 3. Nc3 g6 4. f4 Bg7 5. Nf3 O-O 6. Bc4 a6 7. O-O b5 8. Bd5 c6
9. Bb3 b4 10. e5 dxe5 11. fxe5 bxc3 12. exf6 cxb2 13. fxe7 Qxe7 14. Bxb2 c5 15.
Ba3 Rd8 16. Bxc5 Qc7 17. Ng5 Bb7 18. Bxf7+ Kh8 19. Qe2 Qc6 20. Rf3 Nd7 21. Raf1
Nxc5 22. dxc5 Qxc5+ 23. R1f2 Qxg5 24. Qc4 Bd5 25. Bxd5 Rxd5 26. Qb4 Bd4 27. h3
Bxf2+ 28. Rxf2 Rd1+ 29. Kh2 Qe5+ 30. g3 Qd6 31. Qc3+ Qd4 32. Qf3 Rd8 33. h4
Qxf2+ 34. Qxf2 R8d2 0-1

[Event "HEM C-Turnier"]
[Site "Frankfurt-Zeilsheim"]
[Date "2018.05.10"]
[Round "1.4"]
[White "Weber, Stefan"]
[Black "Ruppert, Henry"]
[Result "1/2-1/2"]
[WhiteElo "1508"]
[BlackElo "1181"]
[PlyCount "45"]
[EventDate "2018.??.??"]
[EventType "swiss"]
[EventRounds "7"]
[EventCountry "GER"]
[WhiteTeam "SF Korbach"]
[BlackTeam "SC Flörsheim"]

1. f4 f5 2. Nf3 Nf6 3. e3 g6 4. Nc3 Bg7 5. d4 O-O 6. Bd3 d6 7. O-O c6 8. h3 Qe8
9. Ne2 Nbd7 10. c3 e5 11. fxe5 dxe5 12. dxe5 Nxe5 13. Nxe5 Qxe5 14. Nf4 Be6 15.
Qe2 Kh8 16. b3 Ne4 17. Bxe4 Qxe4 18. Bb2 Rad8 19. Nxe6 Qxe6 20. Rae1 Rd7 21. c4
Rfd8 22. Bxg7+ Kxg7 23. Rd1 1/2-1/2

[Event "HEM C-Turnier"]
[Site "Frankfurt-Zeilsheim"]
[Date "2018.05.10"]
[Round "1.5"]
[White "Schmidt, Jeremy"]
[Black "Giebitz, Walter"]
[Result "0-1"]
[WhiteElo "1161"]
[BlackElo "1476"]
[PlyCount "82"]
[EventDate "2018.??.??"]
[EventType "swiss"]
[EventRounds "7"]
[EventCountry "GER"]
[WhiteTeam "SG Rödermark"]
[BlackTeam "SC Steinbach"]

1. e4 e5 2. Nf3 d6 3. d4 f6 4. d5 c6 5. c4 Ne7 6. Nc3 Ng6 7. Bd3 Be7 8. O-O O-O
9. Be3 f5 10. exf5 Bxf5 11. Bxf5 Rxf5 12. Qd3 Qf8 13. Bd2 Nd7 14. Ne4 Rc8 15.
Rac1 h6 16. Bb4 c5 17. Ba3 Nf4 18. Qe3 Nf6 19. Nxf6+ Rxf6 20. Rc3 Rg6 21. g3
Qf5 22. Kh1 Qg4 23. Ne1 Nh5 24. Rg1 Bg5 25. Qf3 Qxf3+ 26. Nxf3 Rf8 27. h4 Be7
28. b3 Nf6 29. Bc1 Ne4 30. Re3 Nxf2+ 31. Kg2 Ng4 32. Re2 Nf6 33. Rf1 Nh5 34.
Kh3 Rxg3+ 35. Kh2 Rgxf3 36. Rg1 Rf2+ 37. Rxf2 Rxf2+ 38. Kh1 Rf6 39. Kh2 Nf4 40.
Rf1 Nd3 41. Rxf6 Bxf6 0-1

[Event "HEM C-Turnier"]
[Site "Frankfurt-Zeilsheim"]
[Date "2018.05.10"]
[Round "1.6"]
[White "Schaefer, Jessica"]
[Black "Kasiman, Alexander"]
[Result "1-0"]
[WhiteElo "1461"]
[BlackElo "1139"]
[PlyCount "117"]
[EventDate "2018.??.??"]
[EventType "swiss"]
[EventRounds "7"]
[EventCountry "GER"]
[WhiteTeam "SK Turm Bad Hersfeld"]
[BlackTeam "SV Ffm-Griesheim"]

1. e4 c5 2. Nf3 d6 3. Bb5+ Nc6 4. O-O Nf6 5. Nc3 a6 6. Be2 e5 7. d3 Be7 8. h3
b5 9. Nh2 b4 10. Nd5 Nxd5 11. exd5 Nd4 12. f4 O-O 13. Nf3 Bb7 14. Nxd4 exd4 15.
Bf3 Bh4 16. f5 Bg3 17. Be4 Qe7 18. Qg4 Qh4 19. Qxh4 Bxh4 20. Bf4 Rad8 21. Rac1
a5 22. c3 dxc3 23. bxc3 Bf6 24. c4 Rd7 25. Rb1 Rb8 26. Bf3 Bc3 27. Bd1 Bc8 28.
Ba4 Rd8 29. Bg3 Rb6 30. a3 Bd7 31. Bxd7 Rxd7 32. axb4 cxb4 33. Be1 Rdb7 34.
Bxc3 bxc3 35. Rxb6 Rxb6 36. Re1 Kf8 37. Kf2 Rb2+ 38. Ke3 a4 39. Kd4 Rb3 40. Rc1
a3 41. Rc2 a2 42. Rxa2 Rb2 43. Ra8+ Ke7 44. Kxc3 Rxg2 45. Kd4 Rf2 46. Ra7+ Kf6
47. Rd7 Rf4+ 48. Kc3 Rxf5 49. Rxd6+ Ke7 50. Ra6 h5 51. Kb4 Rf3 52. c5 Rxd3 53.
Ra7+ Kd8 54. d6 f5 55. Rxg7 f4 56. Kb5 Rg3 57. Rf7 Rxh3 58. c6 Ke8 59. d7+ 1-0

[Event "HEM C-Turnier"]
[Site "Frankfurt-Zeilsheim"]
[Date "2018.05.10"]
[Round "1.7"]
[White "Scallan, Cillian"]
[Black "Hoelss, Silas"]
[Result "0-1"]
[WhiteElo "1134"]
[BlackElo "1457"]
[PlyCount "70"]
[EventDate "2018.??.??"]
[EventType "swiss"]
[EventRounds "7"]
[EventCountry "GER"]
[BlackTeam "SSG Hungen-Lich"]

1. e4 Nf6 2. e5 Nd5 3. d4 d6 4. exd6 exd6 5. c4 Nb6 6. Nf3 Bg4 7. Be3 Nc6 8. h3
Bf5 9. d5 Ne5 10. Nxe5 dxe5 11. a3 g6 12. Bd3 Bxd3 13. Qxd3 Bg7 14. Bc5 Qh4 15.
Nd2 Na4 16. Ne4 f5 17. Qc2 Qxe4+ 18. Qxe4 fxe4 19. Be3 Nxb2 20. Rb1 Nd3+ 21.
Kd2 h6 22. f3 O-O 23. fxe4 Nf2 24. Rhf1 Nxe4+ 25. Kc2 Ng3 26. Rfe1 Nf5 27. Bf2
Nd6 28. Bg3 Nxc4 29. Ra1 e4 30. Ra2 e3 31. Kd3 b5 32. Bxc7 Rf2 33. Rxf2 exf2
34. Ra1 Bxa1 35. Ke2 Rf8 0-1

[Event "HEM C-Turnier"]
[Site "Frankfurt-Zeilsheim"]
[Date "2018.05.10"]
[Round "1.8"]
[White "Arnold, Jan"]
[Black "Fuchs, Henrik"]
[Result "1-0"]
[WhiteElo "1441"]
[BlackElo "1099"]
[PlyCount "81"]
[EventDate "2018.??.??"]
[EventType "swiss"]
[EventRounds "7"]
[EventCountry "GER"]
[WhiteTeam "SC Frankfurt-West"]
[BlackTeam "SC Bad Soden"]

1. c4 e5 2. Nc3 Nf6 3. g3 Nc6 4. Bg2 Bc5 5. e3 d6 6. Nge2 Bg4 7. Qb3 Rb8 8. O-O
O-O 9. Qc2 Nb4 10. Qb1 Qd7 11. a3 Bf5 12. e4 Bxe4 13. Nxe4 Nxe4 14. Bxe4 Nc6
15. b4 Bd4 16. Nxd4 Nxd4 17. Bxh7+ Kh8 18. Be4 f5 19. Bg2 Ne2+ 20. Kh1 f4 21.
Qd3 Nd4 22. gxf4 Rxf4 23. Bb2 Nf5 24. Bxe5 Rg4 25. Bh3 Qc6+ 26. f3 Rxc4 27.
Bxf5 dxe5 28. Bd7 Qa6 29. Rac1 Rd4 30. Qxa6 bxa6 31. Be6 Rb6 32. Bf5 Rf6 33.
Be4 Rxd2 34. Rfd1 Rfd6 35. Rxd2 Rxd2 36. Rxc7 Rd1+ 37. Kg2 Rd2+ 38. Kg3 Rd8 39.
Rxa7 Kg8 40. Rxa6 Rd4 41. Ra5 1-0

[Event "HEM C-Turnier"]
[Site "Frankfurt-Zeilsheim"]
[Date "2018.05.10"]
[Round "1.9"]
[White "Kleingarn, Frederik"]
[Black "Mitsiioannou, Antonios"]
[Result "0-1"]
[WhiteElo "1010"]
[BlackElo "1430"]
[PlyCount "84"]
[EventDate "2018.??.??"]
[EventType "swiss"]
[EventRounds "7"]
[EventCountry "GER"]
[WhiteTeam "SC Nied"]
[BlackTeam "SV Ffm-Griesheim"]

1. e4 c5 2. Nc3 Nc6 3. d3 d6 4. Nf3 Bd7 5. Be2 Nf6 6. O-O h6 7. Be3 e6 8. a3
Be7 9. b4 cxb4 10. axb4 a6 11. d4 O-O 12. Rb1 Qc7 13. Qd2 Rfd8 14. d5 Ne5 15.
Nxe5 dxe5 16. Rfd1 Rac8 17. Rb3 Bd6 18. Qd3 exd5 19. Rc1 dxe4 20. Nxe4 Nxe4 21.
Qxe4 Bc6 22. Qg4 Kh8 23. c4 Qe7 24. c5 Bb8 25. Bd3 e4 26. Bb1 Qe5 27. g3 f5 28.
Qh4 Qe6 29. Rbc3 Rd7 30. Bf4 Bxf4 31. Qxf4 Rcd8 32. Bc2 Qf6 33. Re3 g5 34. Qd6
Rxd6 35. cxd6 Rxd6 36. Ree1 Qe5 37. Ra1 Qc3 38. Rac1 Qxb4 39. Ra1 Qc5 40. Rac1
Rd2 41. Bxe4 Qxf2+ 42. Kh1 Qxh2# 0-1

[Event "HEM C-Turnier"]
[Site "Frankfurt-Zeilsheim"]
[Date "2018.05.10"]
[Round "1.10"]
[White "Droeser, Wolfgang"]
[Black "Lassek, Bjarne"]
[Result "0-1"]
[WhiteElo "1420"]
[BlackElo "993"]
[PlyCount "92"]
[EventDate "2018.??.??"]
[EventType "swiss"]
[EventRounds "7"]
[EventCountry "GER"]
[WhiteTeam "SC Sulzbach"]
[BlackTeam "SC Nied"]

1. f4 c5 2. Nf3 Nc6 3. e3 e6 4. b3 a6 5. Bb2 b5 6. d3 d5 7. c3 Nf6 8. h3 h5 9.
Be2 h4 10. Nbd2 g6 11. Nf1 Bg7 12. Qc2 b4 13. c4 d4 14. e4 Nh5 15. Bc1 Bh6 16.
Ne5 Nxe5 17. fxe5 Bf4 18. Bxh5 Qg5 19. Bf3 Bxc1 20. Rxc1 Qxe5 21. Qf2 Qg5 22.
Rd1 a5 23. Nd2 a4 24. Bg4 f5 25. exf5 exf5 26. Be2 Qe7 27. O-O axb3 28. axb3
Ra2 29. Bf3 O-O 30. Bd5+ Kg7 31. Rfe1 Qg5 32. Qe2 Ra7 33. Nf3 Qd8 34. Qf2 g5
35. Qd2 g4 36. hxg4 fxg4 37. Qg5+ Qxg5 38. Nxg5 Kh6 39. Ne4 h3 40. Ng3 Kg5 41.
Kh2 Kh4 42. gxh3 Rf2+ 43. Bg2 Raa2 44. Re2 Raxe2 45. Nxe2 gxh3 46. Rh1 Rxg2#
0-1

[Event "HEM C-Turnier"]
[Site "Frankfurt-Zeilsheim"]
[Date "2018.05.10"]
[Round "1.11"]
[White "Oezyar, Arin"]
[Black "Klein, Simon"]
[Result "0-1"]
[WhiteElo "981"]
[BlackElo "1383"]
[PlyCount "94"]
[EventDate "2018.??.??"]
[EventType "swiss"]
[EventRounds "7"]
[EventCountry "GER"]
[WhiteTeam "SC Bad Soden"]
[BlackTeam "SK Hungen"]

1. e4 d6 2. d4 Nf6 3. Nc3 Nbd7 4. Nf3 e5 5. d5 Be7 6. Bb5 a6 7. Ba4 b5 8. Bb3
Bb7 9. Bg5 h6 10. Bh4 Nf8 11. O-O g5 12. Bg3 Ng6 13. a4 b4 14. Ne2 Nxe4 15. h3
Nxg3 16. Nxg3 Bc8 17. Qd2 a5 18. Qd3 Nf4 19. Qe4 g4 20. hxg4 Rg8 21. Nf5 Rxg4
22. Ng5 Rxg2+ 23. Kh1 Rxg5 24. Rg1 Bxf5 25. Qf3 Qd7 26. Rg3 O-O-O 27. Re1 Rdg8
28. Rxe5 dxe5 29. d6 c6 30. Bxf7 Rxg3 31. fxg3 Rg7 32. dxe7 Rxf7 33. gxf4 Rxe7
34. fxe5 Qd5 35. Qxd5 cxd5 36. Kg2 Bxc2 37. Kf3 Rxe5 38. Kf4 Rf5+ 39. Ke3 h5
40. Kd2 Bxa4 41. Ke3 h4 42. Ke2 h3 43. Kd3 h2 44. Ke2 h1=Q 45. Kd3 Qe4+ 46. Kd2
Rf2+ 47. Kc1 Qe1# 0-1

[Event "HEM C-Turnier"]
[Site "Frankfurt-Zeilsheim"]
[Date "2018.05.10"]
[Round "1.12"]
[White "Doehne, Michael"]
[Black "Edelmann, Viktor"]
[Result "1-0"]
[WhiteElo "1363"]
[BlackElo "967"]
[PlyCount "47"]
[EventDate "2018.??.??"]
[EventType "swiss"]
[EventRounds "7"]
[EventCountry "GER"]
[WhiteTeam "SC Hattersheim"]
[BlackTeam "SC Frankfurt-West"]

1. e4 e5 2. Nf3 Nc6 3. Bb5 d6 4. O-O a6 5. Bxc6+ bxc6 6. d4 Nf6 7. Bg5 h6 8.
Bh4 g5 9. Bg3 Nxe4 10. dxe5 Nxg3 11. fxg3 Bg7 12. c3 Bg4 13. h3 Be6 14. Qa4 Qd7
15. Nbd2 g4 16. hxg4 Bxg4 17. Nh2 Be2 18. Rf2 Bb5 19. Qf4 dxe5 20. Re1 f6 21.
c4 O-O-O 22. Qe3 h5 23. Qa7 Bh6 24. Qa8# 1-0

[Event "HEM C-Turnier"]
[Site "Frankfurt-Zeilsheim"]
[Date "2018.05.10"]
[Round "1.13"]
[White "Mueller, Darius"]
[Black "Arnold, Aaron"]
[Result "1/2-1/2"]
[WhiteElo "928"]
[BlackElo "1339"]
[PlyCount "79"]
[EventDate "2018.??.??"]
[EventType "swiss"]
[EventRounds "7"]
[EventCountry "GER"]
[WhiteTeam "SC Ehrenberg"]
[BlackTeam "SC Frankfurt-West"]

1. d4 b6 2. Nf3 Bb7 3. e3 e6 4. Be2 Nf6 5. O-O Be7 6. Bd2 d6 7. Bc3 a6 8. Nbd2
Nbd7 9. Nc4 O-O 10. b3 Ne4 11. Bb2 Ng5 12. Nxg5 Bxg5 13. Bf3 d5 14. Ne5 Nxe5
15. dxe5 Be7 16. Qe2 a5 17. Rad1 f6 18. exf6 Bxf6 19. Bxf6 Qxf6 20. Bg4 Rfe8
21. Rd3 Ba6 22. Rc1 Bxd3 23. cxd3 c5 24. d4 cxd4 25. exd4 Qxd4 26. Bxe6+ Kh8
27. Rc6 Qa1+ 28. Qf1 Qxf1+ 29. Kxf1 Ra7 30. Bxd5 Rae7 31. g3 Re1+ 32. Kg2 R1e2
33. Rxb6 Rf8 34. Bf3 Rxa2 35. Ra6 Ra3 36. Bd5 Ra2 37. Bf3 Rb2 38. Rxa5 Rxb3 39.
Bd5 Rb6 40. Ra2 1/2-1/2